Las 15 marcas de moda más populares - Estadísticas

Estadísticas generales
  • Esta prueba ha sido intentada 107 veces
  • La puntuación promedio es 6 de 15
Estadísticas de respuestas
Letra Marca % Correcto
L Louis Vuitton
85%
G Gucci
74%
D Dior
69%
V Versace
65%
B Balenciaga
52%
P Prada
52%
H Hermès
49%
A Armani
35%
V Valentino
32%
L Loewe
15%
C Calvin Klein
13%
J Jacquemus
8%
M Maison Margiela
8%
L Loro Piana
5%
D Diesel
4%
No se encontraron pruebas coincidentes
Distribución de puntuación
Porcentaje de gente con cada puntuación
Porcentaje por número respondido
Historial de tus puntuaciones
No has intentado esta prueba.